NHL Teams & Players Multiple Choice - Statistics

General Stats
  • This quiz has been taken 265 times
    205 since last reset
  • The average score is 12 of 15
Answer Stats
Question Answer % Correct
Connor McDavid Edmonton Oilers
100%
Sidney Crosby Pittsburgh Penguins
100%
Nikita Kucherov Tampa Bay Lightning
100%
Alexander Ovechkin Washington Capitals
100%
Patrick Kane Chicago Blackhawks
96%
Mikko Rantanen Colorado Avalanche
96%
Elias Pettersson Vancouver Canucks
96%
Juuse Saros Nashville Predators
89%
Claude Giroux Philadelphia Flyers
89%
Patrik Laine Columbus Blue Jackets
78%
John Tavares Toronto Maple Leafs
74%
John Klingberg Dallas Stars
70%
Rasmus Ristolainen Buffalo Sabres
59%
Erik Karlsson San Jose Sharks
59%
Henrik Lundqvist Washington Capitals
7%
No matching quizzes found
Score Distribution
Percent of People with Each Score
Percentile by Number Answered
Your Score History
You have not taken this quiz since the last reset